000 00619nam a22001937a 4500
999 _c23401
_d23401
003 BDDh-ASL
005 20231015030232.0
008 210325s1953 ii ||||| |||| 00| 0 eng d
040 _aBDDh-ASL
_cBDDh-ASL
082 _a910
_bMAR
100 1 _93523
_aMahdi, Husain
245 1 4 _aThe Rehla of IBN BATTUTA:
_b(India, Maldive Islands and Ceylon) /
260 _aBaroda, India :
_bOriental Institute,
_c1953.
300 _a289 p. :
_bill., maps, plates;
_c25 cm.
504 _aIncludes bibliographical references and index.
600 0 _93524
_aBattuta, Ibn
650 0 _91349
_aHistory
_zSouth Asia
942 _2ddc
_cBK